00826nam a2200229Ii 4500001000400000003000900004008004100013020001500054040003300069041000800102082001300110100002900123245008900152264006500241300001200306336002600318337002800344338002700372940004800399999001700447952013200464916CO-ViMGA241108s9999||||xx |||||||||||||| ||und|| a8483072327 aCO-ViMGAbspaerdacCO-ViMGA0 aspa04a909 G65b1 aErnst H. Gombrich94659810aBreve historia del mundo :bEl recuerdo nos sirve para proyectar luz sobre el pasado 1a[Lugar de publicación no identificado] : Península, 2002 avolumen atextbtxt2rdacontent aunmediatedbn2rdamedia avolumebnc2rdacarrier aidficha_siabuc: 899. -- ficha_no_siabuc:916 c41165d41165 001040708001aMEVIGERRbMEVIGERRcGENd2004-07-26o909 G65bpECA15287r2024-11-26 08:55:55tEj.1w2024-11-26yBKz899 | 1077